000 01237cam a2200361 i 4500
001 24768
003 Mx-PuUPA
005 20250303154516.0
008 140415s2015 sp gr 001 0 spa d
017 _aB-4753-2015
020 _a9788416128587
040 _aMx-PuUPA
_bspa
_cMx-PuUPA
_dMx-PuUPA
_erda
041 0 _aspa
100 1 _aBeltramo Álvarez, Andrés,
_d1979-
_916772
_eautor
245 1 3 _aLa reforma en marcha /
_b
_cAndrés Beltramo Álvarez
250 _aPrimera edición /
_bmarzo
264 1 _aBarcelona :
_bEditorial Stella Maris,
_c2015
300 _a279 páginas ;
_c23 cm
336 _2rdacontent
_atexto
_btxt
337 _2rdamedia
_asin medio
_bn
338 _2rdacarrier
_avolumen
_bnc
490 0 _aStella Maris. Religión ;
_vRE27
500 _a"Emoción y desconcierto en tiempos de Francisco". -- Cubierta
600 0 4 _aPapa Francisco I
_xCrítica e interpretación
600 0 4 _aFrancisco I,
_dPapa
_xPensamiento
600 0 4 _aFrancisco,
_dPapa
_y1936-
650 7 _2armarc
_913986
_aIglesia
942 _2ddc
_cLI
_h262.13
_iB42
_n
999 _c24768
_d24768